Library Banner

Knockout : (Record no. 98642)

MARC details
000 -LEADER
fixed length control field 00632cam a2200205 a 4500
001 - CONTROL NUMBER
control field 15803309
005 - DATE AND TIME OF LATEST TRANSACTION
control field 20170929102157.0
008 - FIXED-LENGTH DATA ELEMENTS--GENERAL INFORMATION
fixed length control field 090706s2009 nyu 000 0 eng
020 ## - INTERNATIONAL STANDARD BOOK NUMBER
International Standard Book Number 9780307587466
040 ## - CATALOGING SOURCE
Transcribing agency PK-LaUMT
082 00 - DEWEY DECIMAL CLASSIFICATION NUMBER
Classification number 610
Edition number 22
Item number SOM-K
100 1# - MAIN ENTRY--PERSONAL NAME
Personal name Somers, Suzanne
245 10 - TITLE STATEMENT
Title Knockout :
Remainder of title interviews with doctors who are curing cancer-and how to prevent getting it in the first place /
Statement of responsibility, etc Suzanne Somers
260 ## - PUBLICATION, DISTRIBUTION, ETC. (IMPRINT)
Place of publication, distribution, etc New York :
Name of publisher, distributor, etc Crown Publishers,
Date of publication, distribution, etc 2009
300 ## - PHYSICAL DESCRIPTION
Extent xx, 329 p. ;
Dimensions 25 cm.
650 #0 - SUBJECT ADDED ENTRY--TOPICAL TERM
Topical term or geographic name as entry element Cancer
General subdivision Alternative treatment
650 #0 - SUBJECT ADDED ENTRY--TOPICAL TERM
Topical term or geographic name as entry element Cancer
General subdivision Treatment
650 #0 - SUBJECT ADDED ENTRY--TOPICAL TERM
Topical term or geographic name as entry element Physicians
942 ## - ADDED ENTRY ELEMENTS (KOHA)
Koha item type Books
Holdings
Withdrawn status Lost status Damaged status Home library Current library Date acquired Full call number Barcode Date last seen Price effective from Koha item type
      UMT Main Campus UMT Main Campus 2017-09-29 610 SOM-K 113825 2021-06-01 2017-09-29 Books